000 01643cam a2200157 4500500
005 20251228065742.0
041 _afre
042 _adc
100 1 0 _aTriaud, Jean-Louis
_eauthor
245 0 0 _aLa parenté et l'histoire
260 _c2005.
500 _a67
520 _aRésumé En septembre 2004 Maurice Godelier a fait paraître un ouvrage intitulé Les Métamorphoses de la parenté (Paris, Fayard). Cet opus maximum n’est pas seulement un tableau des systèmes de parenté et un bilan critique des études anthropologiques sur le sujet. Fruit de plus de trente années du métier d’anthropologue, il propose également une remise en cause de la place de la parenté dans les sociétés. Au-delà, le livre constitue la matrice de déplacements théoriques majeurs, qui touchent l’ensemble des sciences sociales. À distance des comptes rendus déjà parus dans la presse ou dans les revues spécialisées, il nous a paru indispensable de demander à l’auteur de revenir sur l’inscription des systèmes de parenté dans l’histoire et sur certains aspects épistémologiques de son enquête et de sa pensée. Cet entretien a été effectué par Bertrand Hirsch et Yann Potin le 1er mars 2005, à l’École des Hautes Études en Sciences Sociales. La transcription est due à Élodie Apard. Le texte final de l’entretien a été révisé par les auteurs de l’entretien, François-Xavier Fauvelle-Aymar et Maurice Godelier.
786 0 _nAfrique & histoire | 4 | 2 | 2005-10-01 | p. 247-281 | 1764-1977
856 4 1 _uhttps://shs.cairn.info/revue-afrique-et-histoire-2005-2-page-247?lang=fr&redirect-ssocas=7080
999 _c1592090
_d1592090